000 00644nam a2200193Ii 4500
003 JO-AjNU
008 230605s9999||||xx |||||||||||||| ||und||
040 _aJO-AjNU
_bara
_erda
_cJO-AjNU
041 _aara
050 1 4 _aPJ7864 1965
100 3 _aمكاوي،سعد,
_eauthor
_919685
245 0 0 _aالسائرون نياما
264 3 1 _aالقاهرة: المؤسسة المصرية العامة للتأليف والأنباء والنشر، د.ت
300 _a283ص
336 _atext
_btxt
_2rdacontent
337 _aunmediated
_bn
_2rdamedia
338 _avolume
_bnc
_2rdacarrier
650 4 _aالأدب العربي - قصص
_919686
999 _aA6539
_c10107
_d10107